000 00568nam a22001817a 4500
005 20171024122805.0
010 _aENG-121042
020 _c300.00
_a9789385606137
035 _aEN-104574
037 _bDBAD/PUB
082 _aS
100 _aChughtai, Ismat
245 _aQuit india! & other stories /
_cby Ismat Chughtai ; translated by Tahira Naqvi
260 _aNew Delhi
_bWomen Unlimited (an associate of kali for women)
_c2017
270 _a7/10 First Floor, Sarvapriya Vihar
_bNew Delhi
_e110016
300 _a143p.
_c22cm(pbk)
942 _2ddc
_cEN
_hN
_mCHU
999 _c146804
_d146804